000 00506nab a2200157Ia 4500
003 ES-SlBCS
005 20210601133941.0
008 140529s2010 xxu||||| |||| 00| 0 por d
041 _apor
100 1 _aNetto de Andrade, Luiz Felipe
_9209056
245 0 0 _aSamuel Pufendorf e o discurso dos direitos
_c Luiz Felipe Netto De Andrade, Silva Sahd
600 1 4 _aPufendorf, Samuel
_9211519
700 1 _aSahd, Silva
_9209071
773 0 _tSintese
_gvol. 37, nº. 118, 2010, págs. 243-266
_wRev973
942 _cAR
999 _c604683
_d604683